[Event "Agneaux St Lo U16 op 17th"]
[Site "Agneaux"]
[Date "2015.07.08"]
[Round "5"]
[White "Alliot, Alexis"]
[Black "Niepceron, Luc"]
[Result "1/2-1/2"]
[WhiteElo "1600"]
[BlackElo "1933"]
[PlyCount "81"]
[EventDate "2015.07.03"]
[EventType "swiss"]
[EventRounds "9"]
[EventCountry "FRA"]
[SourceTitle "EXT 2016"]
[Source "ChessBase"]
[SourceDate "2015.10.08"]
[SourceVersion "1"]
[SourceVersionDate "2015.10.08"]
[SourceQuality "1"]

1. d4 Nf6 2. Nf3 g6 3. g3 Bg7 4. Bg2 d5 5. 0-0 0-0 6. c4 Nbd7 7. cxd5 Nxd5 8. e4 N5b6 9. Nc3 Nb8 10. Be3 Nc6 11. Rc1 Bg4 12. Ne2 Qd7 13. Qd2 Rfd8 14. Rfd1 Bh3 15. d5 Bxg2 16. Kxg2 Qg4 17. Nc3 Nc4 18. Qe2 N6e5 19. Nxe5 Qxe2 20. Nxe2 Nxe3+ 21. fxe3 Bxe5 22. Nd4 Rd7 23. b3 Rad8 24. Rc4 e6 25. dxe6 fxe6 26. Rdc1 Bxd4 27. exd4 c6 28. Rd1 Rf7 29. Rcc1 Rdf8 30. Rf1 Rxf1 31. Rxf1 Rd8 32. Rd1 Rf8 33. e5 Rd8 34. Kf3 c5 35. Ke4 Rd5 36. Rd3 cxd4 37. Rxd4 Rxd4+ 38. Kxd4 Kf7 39. g4 Ke7 40. g5 b6 41. b4 1/2-1/2

[Event "Agneaux St Lo U16 op 17th"]
[Site "Agneaux"]
[Date "2015.07.06"]
[Round "4"]
[White "Niepceron, Luc"]
[Black "Gac, Simon"]
[Result "1-0"]
[WhiteElo "1933"]
[BlackElo "1621"]
[PlyCount "83"]
[EventDate "2015.07.03"]
[EventType "swiss"]
[EventRounds "9"]
[EventCountry "FRA"]
[SourceTitle "EXT 2016"]
[Source "ChessBase"]
[SourceDate "2015.10.08"]
[SourceVersion "1"]
[SourceVersionDate "2015.10.08"]
[SourceQuality "1"]

1. e4 e6 2. d4 d5 3. Nd2 Nf6 4. e5 Nfd7 5. Bd3 c5 6. c3 Nc6 7. Ne2 Qb6 8. Nf3 cxd4 9. cxd4 Be7 10. 0-0 0-0 11. Nf4 Re8 12. Bc2 Nf8 13. Nh5 Ng6 14. b3 Bd7 15. Ng3 Nb4 16. Bb1 Bb5 17. Re1 Qa6 18. Bg5 Bxg5 19. Nxg5 Rac8 20. Qh5 h6 21. Nxf7 Nf4 22. Nxh6+ gxh6 23. Qg4+ Kh8 24. Qxf4 Bd3 25. Qxh6+ Kg8 26. Nh5 Re7 27. Nf6+ Kf7 28. Bxd3 Qxd3 29. Qh5+ Qg6 30. Qxg6+ Kxg6 31. Rac1 Rxc1 32. Rxc1 Nxa2 33. Rc8 Nb4 34. h4 Nc6 35. h5+ Kg5 36. Rg8+ Kf5 37. g4+ Kf4 38. h6 Nxd4 39. Rg7 Nf3+ 40. Kg2 Kxe5 41. Kxf3 Kxf6 42. Rxe7 1-0

[Event "FRA-chT U20 16 GP Haute 1213"]
[Site "France"]
[Date "2013.05.19"]
[Round "10"]
[White "Bellahcene, Bilel"]
[Black "Niepceron, Luc"]
[Result "1-0"]
[WhiteElo "2354"]
[BlackElo "1715"]
[PlyCount "63"]
[EventDate "2012.12.01"]
[EventType "team"]
[EventRounds "11"]
[EventCountry "FRA"]
[SourceTitle "EXT 2014"]
[Source "ChessBase"]
[SourceDate "2013.11.20"]
[SourceVersion "1"]
[SourceVersionDate "2013.11.20"]
[SourceQuality "1"]
[WhiteTeam "Bischwiller (U20)"]
[BlackTeam "Agneaux Saint Lo (U20)"]
[WhiteTeamCountry "FRA"]
[BlackTeamCountry "FRA"]

1. d4 Nf6 2. Nf3 g6 3. Nbd2 d5 4. b4 Bg7 5. e3 0-0 6. Bb2 b6 7. b5 c6 8. a4 Bb7 9. Be2 Nbd7 10. 0-0 c5 11. a5 Rc8 12. h3 c4 13. Bc3 Ne8 14. axb6 axb6 15. Qb1 Nd6 16. Qb2 Nf6 17. Qb4 Nfe4 18. Nxe4 Nxe4 19. Nd2 Nxc3 20. Qxc3 Qd6 21. f4 f6 22. Ra7 Rb8 23. Bf3 Ba8 24. Rfa1 Rfc8 25. R1a4 Qd8 26. Qa3 e5 27. dxe5 Bf8 28. Qa1 Bc5 29. exf6 Bxe3+ 30. Kh1 c3 31. Nf1 Bf2 32. Bg4 1-0

[Event "FRA-chT U20 1112"]
[Site "France"]
[Date "2011.12.04"]
[Round "2.6"]
[White "Niepceron, Luc"]
[Black "Machiels, Etienne"]
[Result "1/2-1/2"]
[WhiteElo "1666"]
[BlackElo "1544"]
[PlyCount "158"]
[EventDate "2011.12.03"]
[EventType "team-swiss"]
[EventRounds "7"]
[EventCountry "FRA"]
[SourceTitle "EXT 2013"]
[Source "ChessBase"]
[SourceDate "2012.11.22"]
[SourceVersion "1"]
[SourceVersionDate "2012.11.22"]
[SourceQuality "1"]

1. e4 c5 2. Nf3 e6 3. d4 cxd4 4. Nxd4 a6 5. c4 Qc7 6. Nc3 Nc6 7. Be3 Nf6 8. Be2 Bb4 9. f3 Na5 10. Qd3 0-0 11. 0-0 Bd6 12. f4 e5 13. fxe5 Bxe5 14. Nf3 Ng4 15. Nxe5 Nxe5 16. Bf4 Qc5+ 17. Qe3 Qxe3+ 18. Bxe3 Nexc4 19. Bd4 d6 20. b4 Nc6 21. Bxg7 Kxg7 22. Bxc4 Be6 23. Bxe6 fxe6 24. Rad1 Rxf1+ 25. Kxf1 Rd8 26. b5 Ne5 27. bxa6 bxa6 28. Ne2 Ng4 29. Rd3 Nxh2+ 30. Kg1 Ng4 31. Rg3 h5 32. Nf4 Kf7 33. Nxh5 Rh8 34. Rxg4 Rxh5 35. Rg3 Ra5 36. a3 Ra4 37. Rf3+ Ke7 38. Re3 Kf6 39. Kf2 d5 40. exd5 exd5 41. Kf3 Kf5 42. g3 a5 43. Rd3 Kg6 44. g4 Kf6 45. Kg3 Rc4 46. Kh4 d4 47. Kh5 Rc5+ 48. Kh6 Rc3 49. g5+ Ke5 50. Rd1 Rh3+ 51. Kg7 Rg3 52. g6 d3 53. Kf7 Rg2 54. Rxd3 Rf2+ 55. Kg7 Rg2 56. Rf3 Ke6 57. Rf7 Rg3 58. Kh7 a4 59. Rf1 Rh3+ 60. Kg8 Rg3 61. g7 Ke7 62. Kh7 Rh3+ 63. Kg8 Rg3 64. Rf4 Rxa3 65. Rg4 Rh3 66. Rxa4 Rg3 67. Rf4 Rg1 68. Kh7 Rh1+ 69. Kg6 Rg1+ 70. Kh6 Rh1+ 71. Kg5 Rg1+ 72. Kh6 Rh1+ 73. Kg6 Rg1+ 74. Kh7 Rh1+ 75. Kg8 Rg1 76. Rf5 Rg2 77. Kh7 Rh2+ 78. Kg6 Rg2+ 79. Kh7 Rh2+ 1/2-1/2

[Event "FRA-chT U20 0809"]
[Site "Sautron"]
[Date "2009.01.04"]
[Round "7.6"]
[White "Niepceron, Luc"]
[Black "Richard, Francois"]
[Result "1-0"]
[WhiteElo "1640"]
[BlackElo "1740"]
[PlyCount "61"]
[EventDate "2008.10.??"]
[EventType "team-tourn"]
[EventRounds "11"]
[EventCountry "FRA"]
[SourceTitle "EXT 2010"]
[Source "ChessBase"]
[SourceDate "2010.11.25"]
[SourceVersion "1"]
[SourceVersionDate "2010.11.25"]
[SourceQuality "1"]

1. e4 d5 2. exd5 Qxd5 3. Nc3 Qa5 4. d4 Nf6 5. Bd3 c6 6. Nge2 Bg4 7. 0-0 e6 8. Bd2 Qc7 9. h3 Bh5 10. Bf4 Bd6 11. Bxd6 Qxd6 12. Qd2 Nbd7 13. Ne4 Nxe4 14. Bxe4 Bxe2 15. Qxe2 Qxd4 16. c3 Qb6 17. Rfe1 0-0-0 18. b4 Nf6 19. Bf3 Rd7 20. Qe5 h6 21. a4 Rhd8 22. Qg3 Rg8 23. b5 Rd3 24. Qe5 Qc7 25. bxc6 bxc6 26. Qc5 Nd5 27. Rec1 Qb6 28. Qc4 Rd2 29. Rf1 Kc7 30. Bxd5 exd5 31. Qf4+ 1-0

[Event "FRA-chT U20 0809"]
[Site "Sautron"]
[Date "2009.01.03"]
[Round "5.6"]
[White "Niepceron, Luc"]
[Black "Kohi, Armand"]
[Result "0-1"]
[WhiteElo "1650"]
[BlackElo "1695"]
[PlyCount "46"]
[EventDate "2008.10.??"]
[EventType "team-tourn"]
[EventRounds "11"]
[EventCountry "FRA"]
[SourceTitle "EXT 2010"]
[Source "ChessBase"]
[SourceDate "2010.11.25"]
[SourceVersion "1"]
[SourceVersionDate "2010.11.25"]
[SourceQuality "1"]

1. e4 c6 2. Nf3 d5 3. exd5 cxd5 4. Bb5+ Bd7 5. Bxd7+ Qxd7 6. 0-0 Nc6 7. d4 Nf6 8. Nc3 e6 9. Bf4 Bd6 10. Qd2 Bxf4 11. Qxf4 0-0 12. Rae1 Nb4 13. Ne5 Qc7 14. Re2 a6 15. a3 Nc6 16. Qd2 Qb6 17. Nxc6 Qxc6 18. Re3 Qc7 19. Rfe1 Rac8 20. Rg3 Kh8 21. Qg5 Rg8 22. f3 Qb6 23. Qd2 Qxb2 0-1